| 000 | 00981nas a2200301 4500 | ||
|---|---|---|---|
| 001 | BR2014006616 | ||
| 003 | BR-BrBNA | ||
| 005 | 20231205124638.0 | ||
| 007 | ta | ||
| 008 | 230509b bl.|||p| |||| 00| 00por d | ||
| 040 |
_aBR-BrBNA _bpor _cBiblioteca Nacional de Agricultura |
||
| 041 | _a(Pt) | ||
| 072 | _aK01; P40; P33 | ||
| 100 | 1 | _aCarneiro, R.G. | |
| 100 | 1 | _aMoura, M.A.L. | |
| 100 | 1 | _aSilva, V. de P.R. da | |
| 100 | 1 | _aSilva Junior, R.S. | |
| 100 | 1 | _aAndrade, A.M.D. de | |
| 100 | 1 | _aSantos, A.B. dos | |
| 245 | 1 | _aVariabilidade da temperatura do solo em função da liteira em fragmento remanescente de mata atlântica | |
| 650 | _aFLORESTA TROPICAL | ||
| 650 | _aMICROCLIMA | ||
| 650 | _aCLIMATOLOGIA | ||
| 650 | _aSEGURANÇA ALIMENTAR | ||
| 773 | 0 |
_tRevista Brasileira de Engenharia Agrícola e Ambiental (Brazil) _xISSN 1415-4366 _g(Jan 2014), V. 18(1) p. 99-108 _wBR2014006616 |
|
| 909 |
_a202311 _bLúcia _c55 _dLúcia Elande |
||
| 942 |
_2AGRIS _n0 _cANA |
||
| 999 |
_c240154 _d240154 |
||